000
00305nam a22001217a 4500
008
231129b |||||||| |||| 00| 0 eng d
020
_a
FIC 780 SIL
100
_a
Silva, Daniel.
245
_a
The Defector
260
_a
New York :
_b
G.P Putnam's Sons,
_c
2009
300
_a
517 p:
_b
ill,
_c
19 cm.
942
_2
ddc
999
_c
9745
_d
9746